Robert-le-Diable (Record no. 170268)

MARC details
000 -LEADER
campo de control de longitud fija 00697nam a22002055i 4500
001 - NÚMERO DE CONTROL
campo de control 170268
003 - IDENTIFICADOR DE NÚMERO DE CONTROL
campo de control ES-MaACL
005 - FECHA Y HORA DE LA ÚLTIMA TRANSACCIÓN
campo de control 20230906214333.0
008 - DATOS DE LONGITUD FIJA--INFORMACIÓN GENERAL
campo de control de longitud fija 090218s1885 fr |||| | fre d
080 ## - NÚMERO DE LA CLASIFICACIÓN DECIMAL UNIVERSAL
Número de la Clasificación Decimal Universal 782.1
100 1# - ENTRADA PRINCIPAL--NOMBRE DE PERSONA
Nombre de persona Scribe, Eugène.
9 (RLIN) 104966
245 10 - MENCIÓN DEL TÍTULO
Título Robert-le-Diable
Resto del título : opéra en cinq actes /
Mención de responsabilidad, etc. paroles de E. Scribe et G. Delavigne ; musique de G. Meyerbeer.
250 ## - MENCION DE EDICION
Mención de edición Nouvelle édition.
260 ## - PUBLICACIÓN, DISTRIBUCIÓN, ETC.
Lugar de publicación, distribución, etc. Paris :
Nombre del editor, distribuidor, etc. Tresse,
Fecha de publicación, distribución, etc. 1885.
300 ## - DESCRIPCIÓN FÍSICA
Extensión 65 p. ;
Dimensiones 19 cm.
650 14 - PUNTO DE ACCESO ADICIONAL DE MATERIA--TÉRMINO DE MATERIA
Término de materia o nombre geográfico como elemento de entrada Óperas-
Subdivisión de forma Libretos.
9 (RLIN) 137584
700 1# - ENTRADA AGREGADA--NOMBRE PERSONAL
Nombre de persona Delavigne, Germain.
9 (RLIN) 139024
700 1# - ENTRADA AGREGADA--NOMBRE PERSONAL
Nombre de persona Meyerbeer, Giacomo.
9 (RLIN) 80809
852 ## - LOCALIZACIÓN
Ubicación ES-MaACL
Número de control de estantería 2248-F-6
itemnumber R.140955
Nota libre .- Biblioteca Jacinto Martínez Lacalle
Holdings
Estatus retirado Estado de pérdida Estado de daño No para préstamo Colección Biblioteca de origen Biblioteca actual Ubicación en estantería Fecha de adquisición Fuente de adquisición Total de préstamos Signatura topográfica completa Código de barras Visto por última vez Precio de reemplazo Tipo de ítem Koha
        Colección de folletos Biblioteca del Ateneo de Madrid Biblioteca del Ateneo de Madrid Depósito folletos 18/02/2009     2248-F-6 1178754 23/02/2023 23/02/2023 Folleto